Введение в специальность. Электрические машины, электропривод и автоматизация промышленных установок: учебное пособие

Dades bibliogràfiques
Altres autors: Новиков А. В. Андрей Владимирович
Idioma:rus
Publicat: Киев, Вища школа, 1981
Matèries:
Format: MixedMaterials Llibre
KOHA link:https://koha.lib.tpu.ru/cgi-bin/koha/opac-detail.pl?biblionumber=142831

MARC

LEADER 00000nam0a2200000 4500
001 142831
005 20231031142903.0
020 |a RU  |b 81-87484 
035 |a (RuTPU)RU\TPU\book\154792 
090 |a 142831 
100 |a 20080912d1981 m a0rusy5003 ca 
101 0 |a rus 
102 |a UA 
105 |a a z 001zy 
200 1 |a Введение в специальность. Электрические машины, электропривод и автоматизация промышленных установок  |e учебное пособие  |f А. В. Новиков 
210 |a Киев  |c Вища школа  |d 1981 
215 |a 191 с.  |c ил. 
320 |a Библиогр.: с. 189. 
610 1 |a политические институты 
610 1 |a электрооборудование 
610 1 |a учебные пособия 
610 1 |a электрические машины 
610 1 |a электроприводы 
610 1 |a автоматизация 
610 1 |a промышленные установки 
675 |a 62  |v 3 
702 1 |a Новиков  |b А. В.  |g Андрей Владимирович 
801 0 |a RU  |b RuMRKP  |c 19950704  |g psbo 
801 1 |a RU  |b 63413507  |c 20080912  |g PSBO 
801 2 |a RU  |b 63413507  |c 20091112  |g PSBO 
900 |a Электрические машины автоматических устройств 
942 |c BK